Beyond The Code: (Record no. 461)

MARC details
000 -LEADER
fixed length control field 007760000a22002290004500
003 - CONTROL NUMBER IDENTIFIER
control field LK-CoMWRAF
005 - DATE AND TIME OF LATEST TRANSACTION
control field 20230921123738.0
008 - FIXED-LENGTH DATA ELEMENTS--GENERAL INFORMATION
fixed length control field 230817t2000 ||||| |||| 00| 0 eng d
020 ## - INTERNATIONAL STANDARD BOOK NUMBER
International Standard Book Number 9041188592
040 ## - CATALOGING SOURCE
Original cataloging agency LK-CoMWRAF
Modifying agency LK-CoMWRAF
Description conventions LK-CoMWRAF
041 ## - LANGUAGE CODE
Language code of text/sound track or separate title English
082 ## - DEWEY DECIMAL CLASSIFICATION NUMBER
Classification number 346.56
Item number WEL
942 ## - ADDED ENTRY ELEMENTS (KOHA)
Koha item type Books
100 ## - MAIN ENTRY--PERSONAL NAME
Personal name Welchman, Lynn
245 ## - TITLE STATEMENT
Title Beyond The Code:
Remainder of title Muslim Family Law And The Shar'i Judiciary in the Palestinian West Bank
260 ## - PUBLICATION, DISTRIBUTION, ETC. (IMPRINT)
Place of publication, distribution, etc. Hague:
Name of publisher, distributor, etc. Kluwer Law International,
Date of publication, distribution, etc. 2000
300 ## - PHYSICAL DESCRIPTION
Extent 444 p. ; 25 cm.
Other physical details Bibliography, index and glossary included
856 ## - ELECTRONIC LOCATION AND ACCESS
Uniform Resource Identifier <a href="https://core.ac.uk/download/pdf/2786162.pdf">https://core.ac.uk/download/pdf/2786162.pdf</a>
650 ## - SUBJECT ADDED ENTRY--TOPICAL TERM
Topical term or geographic name as entry element DOMESTIC RELATIONS-West Bank
650 ## - SUBJECT ADDED ENTRY--TOPICAL TERM
Topical term or geographic name as entry element Muslims -- Legal status, laws, -West Bank;
650 ## - SUBJECT ADDED ENTRY--TOPICAL TERM
Topical term or geographic name as entry element Islamic law -- West Bank;
Holdings
Withdrawn status Lost status Damaged status Not for loan Permanent Location Current Location Date acquired Full call number Barcode Koha item type
        Resource center, Muslim Women's Research And Action Forum Resource center, Muslim Women's Research And Action Forum 2023-08-17 346.56 WEL RAF551 Books

Copyright © 2023 Muslim Women's Research and Action Forum (MWRAF), No 27/3, Anderson Road, Kalubowila, Dehiwela. Funded by The Asia Fundation